[Event "Hoogovens99"]
[Site "Wijk aan Zee"]
[Date "1999.28.01"]
[Round "10"]
[White "Leitao, R"]
[Black "Janssen, R"]
[Result "1/2-1/2"]
[WhiteElo "2545"]
[BlackElo "2445"]
[WhiteCountry "BRA"]
[BlackCountry "NED"]
[Board "8"]
[Diagram "eeeeeeeeeeeeeeeeeeeeeeeeeeeeeeeeeeeeeeeekeeeeeeeeeeeeeerKBeeeeee"]
[Time "(0:08/0:00)"]
[Analysis ""]

1. d4 Nf6 2. c4 e6 3. Nc3 Bb4 4. Qc2 c5 5. dxc5 O-O 6. a3 Bxc5 7. Nf3 b6
8. Bg5 h6 9. Bh4 Bb7 10. e4 Be7 11. Be2 Nh5 12. Bxe7 Qxe7 13. Qd2 Nf6
14. e5 Ne4 15. Nxe4 Bxe4 16. O-O Nc6 17. Qf4 Bxf3 18. Bxf3 Qg5 19. Qxg5 hxg5
20. Rad1 Rfd8 21. Rfe1 Rac8 22. Re4 Kf8 23. Be2 Ke7 24. g3 d6 25. exd6 Rxd6
26. Rxd6 Kxd6 27. Rg4 f6 28. h4 gxh4 29. Rxh4 g5 30. Rh6 f5 31. f4 gxf4
32. gxf4 Na5 33. Bd3 Nxc4 34. Bxf5 Re8 35. Bh3 Nxb2 36. f5 Nd3 37. Rh4 Nc5
38. fxe6 Nxe6 39. Rh6 Re7 40. Kf2 Kd5 41. Ke3 Nc5 42. Kd2 Kc4 43. Bf1 Kb3
44. Rh3 Kb2 45. Rf3 Rd7 46. Ke1 Rd6 47. Bc4 a6 48. Be2 b5 49. Rf5 Nd3
50. Kf1 Rd4 51. Rg5 Nf4 52. Bg4 Rc4 53. Rg8 Nd3 54. Bd7 Rc7 55. Be8 Rc8
56. Bxb5 Rxg8 57. Bxd3 Ra8 58. a4 Kb3 59. a5 Kb4 60. Ke2 Kxa5 61. Kd2 Rc8
62. Kd1 Rc6 63. Be4 Rc3 64. Bc2 Kb4 65. Kc1 Rg3 66. Kb1 Ka3 67. Ka1 a5
68. Bb1 Rg2 69. Bd3 Rh2 70. Bb1 Rd2 71. Bf5 Ra2 72. Kb1 Rf2 73. Be4 Re2
74. Bg6 Re1 75. Kc2 Re6 76. Bf7 Rb6 77. Bd5 Rb5 78. Bf7 Rb2 79. Kc1 Rf2
80. Be6 Kb4 81. Kb1 Kc3 82. Ka1 Rf4 83. Bd5 Kc2 84. Be6 Ra4 85. Ba2 Kc3
86. Kb1 Ra3 87. Be6 Ra4 88. Ba2 Re4 89. Bf7 Rf4 90. Bd5 Rf5 91. Be6 Rf6
92. Bd5 Kb4 93. Kb2 Rf2 94. Kb1 Re2 95. Bf7 Ka3 96. Bd5 Rb2 97. Kc1 Rh2
98. Kb1 Kb4 99. Be6 Ka3 100. Bd5 Rb2 101. Kc1 Rb5 102. Bf7 Rb2 103. Bd5 a4
104. Be6 Rb3 105. Bf7 Ka2 106. Kc2 Ka3 107. Kc1 Rc3 108. Kb1 Rc7 109. Be6 Re7
110. Bd5 Re1 111. Kc2 Kb4 112. Kb2 a3 113. Ka2 Re2 114. Ka1 Rh2 115. Be6 a2
116. Bxa2 Ka3 117. Bb1 1/2-1/2

[Event "Hoogovens99"]
[Site "Wijk aan Zee"]
[Date "1999.28.01"]
[Round "10"]
[White "Brodsky, M"]
[Black "Glek, I"]
[Result "1/2-1/2"]
[WhiteElo "2530"]
[BlackElo "2566"]
[WhiteCountry "UKR"]
[BlackCountry "RUS"]
[Board "9"]
[Diagram "eeeeeeeeeereepeepeeepeeeepeeeekeeeeeeePeePPeeRPKPeeeeeeeeeeeeeee"]
[Time "(0:37/0:00)"]
[Analysis ""]

1. e4 e6 2. d4 d5 3. Nd2 c5 4. exd5 Qxd5 5. Ngf3 cxd4 6. Bc4 Qd6 7. O-O Nf6
8. Nb3 Nc6 9. Nbxd4 Nxd4 10. Nxd4 a6 11. Bb3 Qc7 12. Re1 Bd6 13. Nf5 Bxh2
14. Kh1 O-O 15. Nxg7 Rd8 16. Qf3 Kxg7 17. Bh6 Kg6 18. c3 Nh5 19. Bc1 Bf4
20. g4 Ng3 21. fxg3 Bxc1 22. Raxc1 b6 23. Bc2 Kg7 24. Be4 Ra7 25. Rc2 Bb7
26. Rh2 Bxe4 27. Qxe4 Qb7 28. Rxh7 Kg8 29. Qxb7 Rxb7 30. Rh2 Rd3 31. Kg2 Rd2
32. Kh3 Rxh2 33. Kxh2 Rd7 34. Re2 Kg7 35. Kh3 b5 36. b3 Rc7 37. Re3 Kf6
38. Rf3 Kg5 1/2-1/2

[Event "Hoogovens99"]
[Site "Wijk aan Zee"]
[Date "1999.28.01"]
[Round "10"]
[White "Vd Wiel, J"]
[Black "Vd Doel, E"]
[Result "1-0"]
[WhiteElo "2529"]
[BlackElo "2547"]
[WhiteCountry "NED"]
[BlackCountry "NED"]
[Board "11"]
[Diagram "beeeerkeeqeeeppppeeeeBeeepeeePQeeeeeeeeeeBPeeeeePPeeRePPeeeeeeeK"]
[Time "(1:04/0:59)"]
[Analysis ""]

1. e4 c5 2. Nf3 d6 3. d4 cxd4 4. Nxd4 Nf6 5. Nc3 a6 6. Bc4 e6 7. Bb3 b5
8. O-O Be7 9. Qf3 Qb6 10. Be3 Qb7 11. Qg3 O-O 12. Bh6 Ne8 13. Rad1 Kh8
14. Bc1 Nf6 15. f3 Nc6 16. Nxc6 Qxc6 17. Ne2 Bb7 18. Kh1 Rg8 19. Nd4 Qe8
20. Rfe1 Rd8 21. c3 Nd7 22. f4 Nf6 23. Bc2 d5 24. exd5 Bxd5 25. f5 Bd6
26. Qh4 e5 27. Bg5 Qe7 28. Ne2 Bc5 29. Nf4 Ba8 30. Nd3 Qb7 31. Re2 Be7
32. Nxe5 Rxd1 33. Bxd1 Rf8 34. Bb3 Kg8 35. Ng6 Re8 36. Bxf6 Bf8 37. Nxf8 Rxf8
38. Qg5 1-0

[Event "Hoogovens99"]
[Site "Wijk aan Zee"]
[Date "1999.28.01"]
[Round "10"]
[White "Bauer, C"]
[Black "Bosch, J"]
[Result "1/2-1/2"]
[WhiteElo "2528"]
[BlackElo "2470"]
[WhiteCountry "FRA"]
[BlackCountry "NED"]
[Board "12"]
[Diagram "eeeekqeeeeeeereeepbPpeeppepePepePePepePeePeePeQeeeeReeeeeeeeeeKB"]
[Time "(0:00/0:07)"]
[Analysis ""]

1. Nf3 f5 2. g3 Nf6 3. Bg2 g6 4. b3 Bg7 5. Bb2 O-O 6. O-O d6 7. d4 Ne4
8. Ne1 Nc6 9. f3 Ng5 10. f4 Ne4 11. Nd2 d5 12. e3 a5 13. a4 e6 14. Nd3 b6
15. c4 Bb7 16. Qc2 Rc8 17. Ba3 Re8 18. Nxe4 dxe4 19. Ne5 Nxe5 20. dxe5 c5
21. Rad1 Qc7 22. Rd6 Rcd8 23. Rfd1 Rxd6 24. exd6 Qf7 25. Bb2 Rd8 26. h3 Rd7
27. g4 Bc6 28. Qf2 Qf8 29. Be5 fxg4 30. Qh4 h6 31. hxg4 g5 32. Qg3 Bxe5
33. fxe5 Rf7 34. Rd2 Qg7 35. Qh2 Kf8 36. Qg3 Ke8 37. Bh1 Qf8 1/2-1/2

[Event "Hoogovens99"]
[Site "Wijk aan Zee"]
[Date "1999.28.01"]
[Round "10"]
[White "De Vreugt, D"]
[Black "Ionov, S"]
[Result "0-1"]
[WhiteElo "2378"]
[BlackElo "2551"]
[WhiteCountry "NED"]
[BlackCountry "RUS"]
[Board "13"]
[Diagram "eeQeeebeeeeeeekeepeeeqeppebPeeeePeeeeeBPePeeeePeeeeeeeKeeeeeeeee"]
[Time "(1:00/1:00)"]
[Analysis ""]

1. e4 c6 2. d4 d5 3. exd5 cxd5 4. c4 Nf6 5. Nc3 e6 6. Nf3 Bb4 7. cxd5 Nxd5
8. Bd2 O-O 9. Bd3 Nc6 10. O-O Be7 11. Rc1 Bf6 12. Qe2 Qb6 13. Be3 Nxe3
14. fxe3 g6 15. Ne4 Bg7 16. Nfg5 Qd8 17. h4 h6 18. Nxf7 Rxf7 19. Rxf7 Kxf7
20. Rf1 Kg8 21. Qg4 Ne7 22. Nf6 Kh8 23. Bxg6 Nf5 24. Nh5 Nxe3 25. Qf4 Nd5
26. Qg4 Nf6 27. Nxf6 Bxf6 28. Be4 Bd7 29. Kh1 Be8 30. Qxe6 Bg7 31. Qg4 Qe7
32. Rf4 Bf7 33. d5 Rf8 34. g3 Bg8 35. Rxf8 Bxf8 36. Kg2 Qf6 37. b3 b6
38. Bf3 a5 39. a4 Bc5 40. Qc8 Kg7 41. Bg4 0-1

[Event "Hoogovens B"]
[Site "Wijk aan Zee NED"]
[Date "1999.01.19"]
[Round "01"]
[White "Leitao,R"]
[Black "Ionov,S"]
[Result "1/2-1/2"]
[WhiteElo "2545"]
[BlackElo "2551"]

1. d4 Nf6 2. c4 e6 3. Nf3 b6 4. e3 Bb7 5. Bd3 d5 6. b3 Bd6 7. Bb2 O-O 8.
Nbd2 Nbd7 9. O-O Ne4 10. Rc1 Qe7 11. Qc2 f5 12. Rfd1 Rad8 13. cxd5 Nxd2 14.
Qxd2 Bxd5 15. Qe2 a5 16. Bc4 Nf6 17. Ne5 Bxe5 18. dxe5 Bxc4 19. bxc4 Ne4
20. f3 Ng5 21. c5 Rxd1+ 22. Qxd1 Rd8 23. Qe1 bxc5 24. Qxa5 Rd5 25. Ba3
Nxf3+ 26. gxf3 Qg5+ 27. Kf2 Qh4+ 28. Kg2 Qg5+ 29. Kf2 Qh4+ 30. Kg2 1/2-1/2

[Event "Hoogovens B"]
[Site "Wijk aan Zee NED"]
[Date "1999.01.19"]
[Round "01"]
[White "Van der Wiel,J"]
[Black "Brodsky,M"]
[Result "1-0"]
[WhiteElo "2529"]
[BlackElo "2530"]

1. e4 c5 2. Nf3 d6 3. d4 cxd4 4. Nxd4 Nf6 5. Nc3 Nc6 6. Bc4 g6 7. Nxc6 bxc6
8. e5 Ng4 9. exd6 Qxd6 10. Be2 Qxd1+ 11. Nxd1 Be6 12. b3 Bg7 13. Bb2 O-O
14. Bxg7 Kxg7 15. Bxg4 Bxg4 16. Ne3 Be6 17. O-O-O g5 18. h4 f6 19. Rd4 Rad8
20. Re4 Rd6 21. Rd1 Rxd1+ 22. Kxd1 Rd8+ 23. Ke2 Kf7 24. hxg5 fxg5 25. Ra4
Rd7 26. Ra6 Rc7 27. Kd3 h5 28. Ke4 h4 29. Ke5 Bc8 30. Ra4 c5 31. f4 Bd7 32.
Re4 Bc6 33. Rc4 Bb5 34. Re4 Bc6 35. Rc4 Bb5 36. Rc3 gxf4 37. Kxf4 Ke6 38.
Nf5 a6 39. Re3+ Kf6 40. Nxh4 Rd7 41. Nf3 Bc6 42. Re5 Bxf3 43. gxf3 c4 44.
Ra5 e6 45. Rxa6 Rd2 46. c3 1-0

[Event "Hoogovens B"]
[Site "Wijk aan Zee NED"]
[Date "1999.01.19"]
[Round "01"]
[White "Bauer,Ch"]
[Black "Glek,I"]
[Result "1/2-1/2"]
[WhiteElo "2528"]
[BlackElo "2566"]

1. d4 Nf6 2. c4 g6 3. Nf3 Bg7 4. g3 c6 5. Bg2 d5 6. Qb3 a5 7. cxd5 a4 8.
Qd1 cxd5 9. O-O O-O 10. Nc3 Qa5 11. Bd2 Nc6 12. e3 Rd8 13. Qe2 Qb6 14. Rfc1
Bf5 15. Qb5 Qxb5 16. Nxb5 Bd3 17. Bf1 Bxf1 18. Kxf1 Ne4 19. Be1 e6 20. Ke2
Ra6 21. Rab1 Bf8 22. Ne5 Rc8 23. Nd7 Be7 24. f3 Nd6 25. Nxd6 Bxd6 26. Nc5
Ra7 27. Nd3 Raa8 28. Rc3 Rc7 29. Rbc1 Rac8 30. Kd1 b6 31. b3 axb3 1/2-1/2

[Event "Hoogovens B"]
[Site "Wijk aan Zee NED"]
[Date "1999.01.19"]
[Round "01"]
[White "Bosch,Je"]
[Black "Nijboer,F"]
[Result "0-1"]
[WhiteElo "2470"]
[BlackElo "2534"]

1. e4 c5 2. Nf3 Nc6 3. d4 cxd4 4. Nxd4 Nf6 5. Nc3 e5 6. Ndb5 d6 7. Bg5 a6
8. Na3 b5 9. Bxf6 gxf6 10. Nd5 f5 11. Bd3 Be6 12. Qh5 Rg8 13. c3 Bxd5 14.
exd5 Rg5 15. Qxh7 Ne7 16. g3 Nxd5 17. Nc2 Bg7 18. Rd1 Kf8 19. Qh3 e4 20.
Be2 f4 21. Qh7 Qe7 22. Rxd5 Rxd5 23. gxf4 Re8 24. Ne3 Rc5 25. b4 Rxc3 26.
Nd5 Qe6 27. Nxc3 Bxc3+ 28. Kf1 Ke7 29. f5 Qf6 30. Qh3 d5 31. a3 d4 32. Bg4
Kd6 33. Kg2 Rg8 34. Rd1 d3 35. Kh1 Be5 36. Qe3 Rxg4 37. Qc5+ Kd7 38. Qd5+
Ke7 39. Qc5+ Qd6 40. Qa7+ Kf6 0-1

[Event "Hoogovens B"]
[Site "Wijk aan Zee NED"]
[Date "1999.01.19"]
[Round "01"]
[White "Janssen,R"]
[Black "Van den Doel,E"]
[Result "1/2-1/2"]
[WhiteElo "2445"]
[BlackElo "2547"]

1. Nf3 Nf6 2. c4 e6 3. g3 d5 4. d4 Nbd7 5. Bg2 c6 6. O-O Bd6 7. Qc2 O-O 8.
Nbd2 Re8 9. Rd1 Qe7 10. e4 Nxe4 11. Nxe4 dxe4 12. Qxe4 e5 13. dxe5 Nxe5 14.
Nxe5 Bxe5 15. Bf4 Bf6 16. Qc2 Bg4 17. Rd2 a5 18. h3 Bh5 19. Bd6 Qe6 20. c5
a4 21. a3 Qb3 22. Be4 Qxc2 23. Bxc2 Re2 24. Rxe2 Bxe2 25. Re1 Bb5 26. b3 h6
27. bxa4 Bxa4 28. Bxa4 Rxa4 29. Rb1 Rxa3 30. Rxb7 Ra2 31. Rb6 Bd4 32. Rxc6
Rxf2 33. Kh1 Kh7 34. Rc8 Kg6 35. c6 Rf1+ 36. Kg2 Rf2+ 37. Kh1 Rf1+ 1/2-1/2

[Event "Hoogovens B"]
[Site "Wijk aan Zee NED"]
[Date "1999.01.20"]
[Round "02"]
[White "Nijboer,F"]
[Black "Janssen,R"]
[Result "1-0"]
[WhiteElo "2534"]
[BlackElo "2445"]

1. e4 c5 2. Nf3 d6 3. d4 cxd4 4. Nxd4 Nf6 5. Nc3 g6 6. Be3 Bg7 7. f3 Nc6 8.
Qd2 O-O 9. O-O-O Nxd4 10. Bxd4 Be6 11. Kb1 Qc7 12. Bb5 a6 13. Ba4 b5 14.
Bb3 b4 15. Na4 Rab8 16. Bxe6 fxe6 17. b3 Qc6 18. h4 Rfd8 19. g4 e5 20. Bb2
h6 21. g5 Nh5 22. gxh6 Bf6 23. c4 Nf4 24. Bc1 Kh7 25. Rdg1 e6 26. Rg4 d5
27. exd5 exd5 28. Qc2 d4 29. Bxf4 d3 30. Qg2 exf4 31. Rxg6 d2 32. Rg7+ Kh8
33. Qg6 d1=Q+ 34. Rxd1 Rxd1+ 35. Kc2 Rd2+ 36. Kxd2 1-0

[Event "Hoogovens B"]
[Site "Wijk aan Zee NED"]
[Date "1999.01.20"]
[Round "02"]
[White "Ionov,S"]
[Black "Bauer,Ch"]
[Result "1/2-1/2"]
[WhiteElo "2551"]
[BlackElo "2528"]

1. d4 e6 2. c4 Nf6 3. Nf3 c5 4. d5 exd5 5. cxd5 Bd6 6. Bg5 O-O 7. Nc3 Re8
8. e3 Bc7 9. d6 Ba5 10. Bc4 Bxc3+ 11. bxc3 Nc6 12. O-O h6 13. Bh4 b6 14.
Qc2 Na5 15. Bd3 Bb7 16. Rad1 Rc8 17. Bf5 g5 18. Bg3 Nc4 19. Qe2 b5 20. Bd3
Bd5 21. h4 Ne4 22. Bxe4 Bxe4 23. hxg5 hxg5 24. Nd2 Bd5 25. Rfe1 Qf6 26.
Nxc4 Bxc4 27. Qd2 Qg6 28. e4 f6 29. f3 Kf7 30. Kf2 Re6 31. Re3 Rce8 32.
Rde1 f5 33. exf5 Qxf5 34. Rxe6 1/2-1/2

[Event "Hoogovens B"]
[Site "Wijk aan Zee NED"]
[Date "1999.01.20"]
[Round "02"]
[White "De Vreugt,D"]
[Black "Van den Doel,E"]
[Result "1/2-1/2"]
[WhiteElo "2378"]
[BlackElo "2547"]

1. e4 e5 2. Nf3 Nc6 3. Bb5 Nf6 4. O-O Nxe4 5. d4 Nd6 6. Bxc6 dxc6 7. dxe5
Nf5 8. Qxd8+ Kxd8 9. Nc3 Ke8 10. Ne4 Be6 11. b3 a5 12. a4 h6 13. Bb2 Rd8
14. h3 b6 15. g4 Ne7 16. Nd4 Bd5 17. Ng3 c5 18. Nb5 Rd7 19. c4 Bf3 20. Rae1
Ng6 21. Re3 Bb7 22. Nh5 Kd8 23. Bc3 Rg8 24. f4 Be7 25. Kf2 Nf8 26. Kg3 Kc8
27. f5 Bg5 28. Nf4 g6 29. h4 Bxf4+ 30. Kxf4 gxf5 31. gxf5 Ne6+ 32. fxe6
fxe6 33. Ref3 Rf8+ 34. Ke3 Rxf3+ 35. Rxf3 Bxf3 36. Kxf3 Rd3+ 37. Ke4 Rh3
38. Be1 Rxb3 39. Nc3 Rb2 40. Kf4 Rg2 41. Kf3 Rg1 42. Bd2 h5 43. Bg5 Ra1 44.
Ke2 Kd7 45. Kd3 Ke8 46. Kc2 Re1 47. Bf6 Rf1 48. Ne4 Rf4 49. Kd3 Rf3+ 50.
Kd2 Rb3 51. Nc3 Rb4 52. Kd3 c6 53. Bg5 Kf7 54. Bd8 Kg6 55. Ne2 Kf5 56. Ng3+
Kg4 57. Ne4 Rxa4 58. Bxb6 Ra3+ 59. Kd2 Kxh4 60. Nxc5 Kg4 61. Nxe6 h4 62.
Nc7 h3 63. e6 h2 64. e7 h1=Q 65. e8=Q Ra2+ 66. Kd3 Qd1+ 67. Ke4 Qf3+ 68.
Kd4 Qf2+ 69. Qe3 Rd2+ 70. Kc3 Rc2+ 71. Kd3 Qf5+ 72. Qe4+ Qxe4+ 73. Kxe4 a4
74. Kd3 Rh2 75. Bd4 a3 76. Na6 a2 77. Nb4 Rh3+ 78. Ke4 Ra3 79. Nxc6 a1=Q
1/2-1/2

[Event "Hoogovens B"]
[Site "Wijk aan Zee NED"]
[Date "1999.01.21"]
[Round "03"]
[White "Van der Wiel,J"]
[Black "De Vreugt,D"]
[Result "1-0"]
[WhiteElo "2529"]
[BlackElo "2378"]

1. e4 e5 2. Nf3 Nc6 3. d4 exd4 4. Nxd4 Bc5 5. Be3 Qf6 6. c3 Nge7 7. Bc4 O-O
8. O-O Bb6 9. Na3 Qg6 10. Nxc6 bxc6 11. Re1 Kh8 12. Bd3 d6 13. Nc2 f5 14.
e5 dxe5 15. Bxb6 axb6 16. Rxe5 Qf6 17. Re1 c5 18. Qf3 Bd7 19. Qf4 Ng6 20.
Qxc7 Bc6 21. Rad1 Nh4 22. Bf1 Be4 23. Na3 Rae8 24. Qf4 Ng6 25. Qd2 Ne5 26.
f3 Qg6 27. Kf2 Qh5 28. Qf4 g5 29. Qg3 f4 30. Qh3 Qxh3 31. gxh3 Bxf3 32. Rd6
Ba8 33. Bb5 Re7 34. Nc4 Nxc4 35. Bxc4 Rxe1 36. Kxe1 Bg2 37. h4 g4 38. Kf2
Be4 39. h5 b5 40. Bxb5 Kg7 41. h6+ Kf7 42. Bc4+ 1-0

[Event "Hoogovens B"]
[Site "Wijk aan Zee NED"]
[Date "1999.01.21"]
[Round "03"]
[White "Bauer,Ch"]
[Black "Brodsky,M"]
[Result "1/2-1/2"]
[WhiteElo "2528"]
[BlackElo "2530"]

1. d4 Nf6 2. Nf3 e6 3. g3 b6 4. Bg2 Bb7 5. O-O c5 6. c4 cxd4 7. Qxd4 d6 8.
Nc3 a6 9. Rd1 Be7 10. b3 Nbd7 11. e4 Qc8 12. Bb2 O-O 13. Qe3 Qc7 14. Rac1
Rac8 15. Nd4 Rfe8 16. h3 Bf8 17. Qe2 Qb8 18. Re1 g6 19. Rcd1 Rcd8 20. Qe3
Qc7 21. Qd2 Qb8 22. Qe3 Qa8 23. Qe2 Rc8 24. Qd2 Nc5 25. Qf4 Nh5 26. Qg5 Bg7
27. Qd2 f5 28. g4 fxg4 29. hxg4 Nf6 30. f3 Rcd8 31. Qf2 Qb8 32. Qg3 Qc7 33.
Kh1 Qf7 34. Nc2 e5 35. Bc1 Ne6 36. Nb4 Nd4 37. Bg5 Rc8 38. Ne2 b5 39. Nxd4
exd4 40. cxb5 axb5 41. Qxd6 Nd7 42. Nd5 Bxd5 43. Qxd5 h6 44. Qxf7+ Kxf7 45.
Be3 dxe3 46. Rxd7+ Re7 47. Rxe7+ Kxe7 48. Bf1 b4 49. Rxe3 Rc3 50. Rxc3 Bxc3
51. Kg2 g5 52. Bc4 Kd6 53. Kf2 Kc5 54. Ke3 Bd4+ 55. Kd3 Be5 56. Be6 Kb5 57.
Bd7+ Kc5 58. Be8 Bf6 59. e5 Bxe5 60. Ke4 Bf4 61. Bf7 Bd2 62. Kf5 Kb6 63.
Kg6 Ka5 64. Kxh6 Bf4 65. Kg6 Be3 66. Kf5 Bf4 67. Ke4 Bc1 68. Be8 Bf4 69.
Kd4 Bc1 70. Kc4 Bf4 1/2-1/2

[Event "Hoogovens B"]
[Site "Wijk aan Zee NED"]
[Date "1999.01.21"]
[Round "03"]
[White "Van den Doel,E"]
[Black "Nijboer,F"]
[Result "1/2-1/2"]
[WhiteElo "2547"]
[BlackElo "2534"]

1. e4 c5 2. Nf3 e6 3. c3 Nf6 4. e5 Nd5 5. d4 cxd4 6. cxd4 b6 7. Nc3 Nxc3 8.
bxc3 Qc7 9. Be2 Bb7 10. O-O d6 11. Bf4 Nd7 12. Bb5 a6 13. exd6 Bxd6 14.
Bxd6 Qxd6 15. Bxd7+ Qxd7 16. Ne5 Qc7 17. Qa4+ b5 18. Qb4 Rc8 19. Rfc1 Qe7
20. Qxe7+ Kxe7 21. a4 Rc7 22. Nd3 Bc6 23. axb5 axb5 24. f3 Ra8 25. Nb4 Ra4
26. Kf2 Bd7 27. Rxa4 bxa4 28. Ke3 Kd6 29. f4 f6 30. c4 Rb7 31. c5+ Kc7 32.
Rc4 Bb5 33. Rc2 Bf1 34. Na2 Rb3+ 35. Kd2 Bxg2 36. Nc3 Rb4 37. Ke3 Bd5 38.
f5 Kc6 39. fxe6 Bxe6 40. Rg2 Rb3 41. Kd3 g6 42. Re2 Kd7 43. Rf2 f5 44. Rc2
a3 45. Kd2 Rb4 46. Ke3 Kc6 47. h4 Bf7 48. Rc1 a2 49. Ra1 Be6 50. Kf4 Rxd4+
51. Ke5 Rc4 52. Kxe6 Rxc3 53. Rxa2 Rh3 54. Ra4 Kxc5 55. Kf6 Kd5 56. Kg7 Ke5
57. Kxh7 g5 58. Kg6 gxh4 59. Ra5+ Ke4 60. Ra4+ Ke5 61. Ra5+ Kf4 62. Ra4+
Kg3 1/2-1/2

[Event "Hoogovens B"]
[Site "Wijk aan Zee NED"]
[Date "1999.01.21"]
[Round "03"]
[White "Bosch,Je"]
[Black "Ionov,S"]
[Result "1/2-1/2"]
[WhiteElo "2470"]
[BlackElo "2551"]

1. e4 c5 2. Nf3 d6 3. d4 cxd4 4. Nxd4 Nf6 5. Nc3 a6 6. Be2 e6 7. O-O Be7 8.
f4 Qc7 9. Kh1 O-O 10. a4 Nc6 11. Be3 Re8 12. Bf3 Bf8 13. Qd3 Bd7 14. Nb3 b6
15. Bf2 Bc8 16. Bg3 Nd7 17. Rad1 Nc5 18. Nxc5 bxc5 19. f5 Rb8 20. fxe6 fxe6
21. Bh5 g6 22. Rxf8+ Rxf8 23. Bxd6 Qd8 24. Bxb8 Qxd3 25. cxd3 Nxb8 26. Bf3
Nc6 27. Kg1 Nd4 28. Kf2 Bd7 29. Ke3 Rb8 30. Rd2 Rb4 31. Bd1 Kf7 32. h4 h6
33. Rf2+ Ke7 34. g3 Nc6 35. Rd2 Nd4 36. Rh2 Nc6 37. Rd2 Nd4 38. Na2 Rb8 39.
b4 Kd6 40. Rb2 Ke5 41. Kd2 cxb4 42. Rxb4 Rxb4 43. Nxb4 a5 44. Na2 Kd6 45.
Kc3 Kc5 46. Nc1 1/2-1/2

[Event "Hoogovens B"]
[Site "Wijk aan Zee NED"]
[Date "1999.01.21"]
[Round "03"]
[White "Janssen,R"]
[Black "Glek,I"]
[Result "0-1"]
[WhiteElo "2445"]
[BlackElo "2566"]

1. Nf3 Nf6 2. c4 g6 3. g3 Bg7 4. Bg2 c6 5. b3 Ne4 6. d4 O-O 7. O-O d5 8.
Bb2 Nd7 9. e3 b6 10. Qc2 Bb7 11. Rd1 Rc8 12. Ne5 f5 13. f3 Nd6 14. Nd2 c5
15. f4 cxd4 16. exd4 Qc7 17. Rac1 Nf6 18. c5 Nde4 19. b4 a5 20. a3 axb4 21.
axb4 bxc5 22. dxc5 Ba6 23. Nxe4 fxe4 24. Bh3 Rb8 25. Be6+ Kh8 26. Nf7+ Rxf7
27. Bxf7 Rxb4 28. Be5 Qc6 29. Qc3 Rc4 30. Qa5 Qc8 31. Rxc4 Bxc4 32. Ra1 Bf8
33. Qa8 Qxc5+ 34. Kh1 Kg7 35. Be6 Be2 36. Bxf6+ exf6 37. Qa7+ Kh6 38. Qxc5
Bf3+ 39. Kg1 Bxc5+ 40. Kf1 e3 41. Re1 g5 42. fxg5+ Kxg5 43. Rc1 Bb4 44. Rb1
Bc3 45. Bxd5 e2+ 46. Kf2 Bxd5 47. Kxe2 Kg4 48. Rb8 Kh3 49. Kd3 Be5 50. Rh8
Kxh2 51. g4 Kg3 52. Rxh7 Kxg4 53. Ke3 f5 54. Kf2 f4 55. Rd7 Bc4 56. Rd1 f3
57. Ra1 0-1

[Event "Hoogovens B"]
[Site "Wijk aan Zee NED"]
[Date "1999.01.23"]
[Round "04"]
[White "Ionov,S"]
[Black "Janssen,R"]
[Result "1-0"]
[WhiteElo "2551"]
[BlackElo "2445"]

1. d4 Nf6 2. c4 e6 3. Nc3 Bb4 4. Qc2 c5 5. dxc5 O-O 6. a3 Bxc5 7. Nf3 b6 8.
Bf4 Nh5 9. Bg3 f5 10. e3 Bb7 11. Be2 h6 12. Rd1 Nxg3 13. hxg3 a6 14. O-O
Qc7 15. Rd2 Nc6 16. Rfd1 Rad8 17. b4 Be7 18. Nd5 exd5 19. cxd5 Rf6 20. dxc6
dxc6 21. Bc4+ Kh8 22. Rxd8+ Bxd8 23. Qd3 Rf8 24. Bxa6 Bxa6 25. Qxa6 Bf6 26.
Qc4 Ra8 27. Rd3 c5 28. Rd5 Rxa3 29. Rxf5 Ra4 30. Qe6 Rxb4 31. Ne5 Bxe5 32.
Rxe5 Rb1+ 33. Kh2 Rd1 34. Qe8+ 1-0

[Event "Hoogovens B"]
[Site "Wijk aan Zee NED"]
[Date "1999.01.23"]
[Round "04"]
[White "Van der Wiel,J"]
[Black "Leitao,R"]
[Result "1/2-1/2"]
[WhiteElo "2529"]
[BlackElo "2545"]

1. e4 c5 2. Nf3 d6 3. d4 cxd4 4. Nxd4 Nf6 5. Nc3 a6 6. Bc4 e6 7. Bb3 Nc6 8.
Be3 Be7 9. f4 O-O 10. O-O Nxd4 11. Bxd4 b5 12. e5 dxe5 13. fxe5 Nd7 14. Ne4
Bb7 15. Nd6 Bxd6 16. exd6 Qg5 17. Rf2 a5 18. Qe2 Ra6 19. Bc3 b4 20. Bd2 Qc5
21. Bf4 Raa8 22. Rd1 Ba6 23. Qe1 Bb5 24. c3 bxc3 25. Rc1 a4 26. Rxc3 axb3
27. Rxc5 Nxc5 28. a3 Nd3 29. Qd1 Nxf2 30. Kxf2 Bd7 31. Bd2 Rfc8 32. Qxb3
Rab8 33. Bb4 Rb5 34. g4 h5 35. h3 hxg4 36. hxg4 Rd5 37. Kg3 Rc1 38. Qe3 Rc2
39. Bc3 Bb5 40. a4 Bxa4 41. Qe4 Rxd6 42. Qxa4 Rd3+ 43. Kf4 Re2 44. Qa8+ Kh7
45. Qh1+ Kg8 46. Qa8+ Kh7 47. Qh1+ Kg8 1/2-1/2

[Event "Hoogovens B"]
[Site "Wijk aan Zee NED"]
[Date "1999.01.23"]
[Round "04"]
[White "Glek,I"]
[Black "Van den Doel,E"]
[Result "1-0"]
[WhiteElo "2566"]
[BlackElo "2547"]

1. e4 e5 2. Nf3 Nc6 3. Bb5 a6 4. Bxc6 dxc6 5. O-O Bg4 6. h3 h5 7. d3 Qf6 8.
Nbd2 Ne7 9. Nc4 Bxf3 10. Qxf3 Qxf3 11. gxf3 Ng6 12. Be3 f6 13. Rfd1 Nh4 14.
f4 exf4 15. Bxf4 O-O-O 16. Bg3 Ng6 17. Kh1 Bc5 18. Rg1 Nf8 19. Rg2 g5 20.
f4 g4 21. hxg4 hxg4+ 22. Rh2 Ne6 23. Rxh8 Rxh8+ 24. Kg2 b5 25. f5 Ng5 26.
Na5 Kd7 27. Rh1 Rxh1 28. Kxh1 Nf3 29. Kg2 Nd4 30. Bf2 Bb6 31. Bxd4 Bxd4 32.
c3 Be3 33. Nb3 a5 34. d4 a4 35. Nc5+ Ke7 36. a3 Bf4 37. Nd3 Bd6 38. e5 fxe5
39. dxe5 Bxe5 40. Nxe5 Kf6 41. Nxc6 Kxf5 42. Nd4+ Ke4 43. Nxb5 c6 44. Na7
Kd5 45. Kg3 Kc4 46. Nxc6 Kb3 47. Nd4+ Kxb2 48. c4 Kxa3 49. c5 Kb2 50. c6 a3
51. c7 a2 52. c8=Q a1=Q 53. Qc2+ 1-0

[Event "Hoogovens B"]
[Site "Wijk aan Zee NED"]
[Date "1999.01.23"]
[Round "04"]
[White "De Vreugt,D"]
[Black "Nijboer,F"]
[Result "0-1"]
[WhiteElo "2378"]
[BlackElo "2534"]

1. e4 e6 2. d4 d5 3. Nc3 Bb4 4. e5 c5 5. a3 Ba5 6. b4 cxd4 7. Nb5 Bc7 8. f4
Bd7 9. Nf3 Bxb5 10. Bxb5+ Nc6 11. Nxd4 Nge7 12. Qh5 g6 13. Qh6 Bb6 14. Nxc6
bxc6 15. Qg7 Rf8 16. Ba4 Bd4 17. Rb1 Qb6 18. Qxh7 Bc3+ 19. Kd1 Qd4+ 20. Ke2
Qe4+ 21. Kf2 a5 22. Qh3 axb4 23. Bb3 Bd4+ 24. Kf1 bxa3 25. Qd3 Qxd3+ 26.
cxd3 Kd7 27. Ba2 Rfb8 28. Rxb8 Rxb8 29. Bxa3 Ra8 30. Bxe7 Rxa2 31. Bb4 Rf2+
32. Ke1 Rb2 0-1

[Event "Hoogovens B"]
[Site "Wijk aan Zee NED"]
[Date "1999.01.24"]
[Round "05"]
[White "Nijboer,F"]
[Black "Glek,I"]
[Result "1/2-1/2"]
[WhiteElo "2534"]
[BlackElo "2566"]

1. e4 e6 2. d4 d5 3. Nc3 Nf6 4. e5 Nfd7 5. Nce2 c5 6. c3 cxd4 7. cxd4 f6 8.
exf6 Nxf6 9. Nf3 Nc6 10. Nc3 Bd6 11. Bd3 O-O 12. Bg5 Qe8 13. Qd2 Nh5 14.
Ne2 e5 15. Nxe5 Nxd4 16. Nxd4 Qxe5+ 17. Be3 Nf4 18. Bf1 Bg4 19. h3 Bh5 20.
g3 Rae8 21. gxf4 Rxf4 22. Be2 Rxd4 23. Qxd4 Qxd4 24. Bxd4 Rxe2+ 25. Kf1 Re4
26. Bxa7 Be2+ 27. Kg2 Re6 28. f4 Bxf4 29. Rhe1 Bd2 30. Kf2 Bxe1+ 31. Rxe1
Ra6 32. Bd4 Bh5 33. Re7 Kf8 34. Rxb7 Rxa2 35. Bxg7+ Ke8 36. Ke3 Ra4 37. Bd4
Bg6 38. b4 Ra3+ 39. Kf4 Rxh3 40. Ke5 1/2-1/2

[Event "Hoogovens B"]
[Site "Wijk aan Zee NED"]
[Date "1999.01.24"]
[Round "05"]
[White "Leitao,R"]
[Black "De Vreugt,D"]
[Result "1-0"]
[WhiteElo "2545"]
[BlackElo "2378"]

1. d4 Nf6 2. c4 g6 3. Nc3 d5 4. Nf3 Bg7 5. e3 O-O 6. cxd5 Nxd5 7. Bc4 Nxc3
8. bxc3 c5 9. O-O Qc7 10. Qe2 b6 11. Bb2 Bb7 12. e4 Nc6 13. Rac1 Rad8 14.
Qe3 e5 15. d5 Na5 16. Be2 Bc8 17. c4 Nb7 18. h4 h5 19. a4 Rde8 20. Ra1 f5
21. a5 Nd6 22. axb6 axb6 23. Ng5 Bf6 24. exf5 Bxf5 25. Ra3 Re7 26. Rfa1 Qb8
27. g3 Qb7 28. Ra7 Qxa7 29. Rxa7 Rxa7 30. Bxe5 Bxe5 31. Qxe5 Nf7 32. Nxf7
Kxf7 33. Bxh5 Bc8 34. Bf3 Kg8 35. Be4 Ra2 36. Qg5 Rfxf2 37. Qxg6+ Kf8 38.
Qd6+ Kg8 39. Qd8+ Kg7 40. Qe7+ Kg8 41. d6 Rfe2 42. Bd5+ Kh8 43. Qf8+ Kh7
44. Bg8+ 1-0

[Event "Hoogovens B"]
[Site "Wijk aan Zee NED"]
[Date "1999.01.24"]
[Round "05"]
[White "Bauer,Ch"]
[Black "Van der Wiel,J"]
[Result "1/2-1/2"]
[WhiteElo "2528"]
[BlackElo "2529"]

1. e4 g6 2. d4 Bg7 3. Nc3 c6 4. Bc4 d6 5. Qf3 e6 6. Nge2 b5 7. Bb3 a5 8. a3
Ba6 9. d5 cxd5 10. exd5 e5 11. Ne4 h6 12. g4 Nf6 13. N2g3 Nxe4 14. Nxe4 O-O
15. Rg1 Bc8 16. Be3 Na6 17. c3 b4 18. cxb4 axb4 19. a4 f5 20. gxf5 Bxf5 21.
Qg2 Rc8 22. Ng3 Qf6 1/2-1/2